LEADER 01314nam1-2200409---450- 001 990001289770203316 005 20031128153037.0 035 $a000128977 035 $aUSA01000128977 035 $a(ALEPH)000128977USA01 035 $a000128977 100 $a20031128g19261928km-y0itay0103----ba 101 0 $aita 102 $aIT 105 $aa|||||||001yy 200 1 $aStoria di Roma dalle origini all'inizio delle guerre puniche$fEttore Pais 210 $aRoma$cOptima$d1926-1928 215 $a5 v.$cill.$d26 cm. 225 2 $aBiblioteca di filosofia e scienza 410 0$12001$aBiblioteca di filosofia e scienza 454 1$12001 461 1$1001-------$12001 463 \1$1001990001289790203316$12001 $a<> : <> fonti ; L'età mitica 606 0 $aRoma antica - Storia$xStoria$xOrigini$zSec. 3. a.C. 676 $a937.01 700 1$aPAIS,$bEttore$0137588 801 0$aIT$bsalbc$gISBD 912 $a990001289770203316 951 $aX A 103$bL.M.$cX A 959 $aBK 969 $aUMA 979 $aSIAV4$b10$c20031128$lUSA01$h1519 979 $aSIAV4$b10$c20031128$lUSA01$h1529 979 $aSIAV4$b10$c20031128$lUSA01$h1530 979 $aPATRY$b90$c20040406$lUSA01$h1732 996 $aStoria di Roma dalle origini all'inizio delle guerre puniche$9928117 997 $aUNISA LEADER 01200nam2-2200397---450- 001 990006165260203316 005 20160913160146.0 010 $a9978-84-007-9$b(vol. 5) 035 $a000616526 035 $aUSA01000616526 035 $a(ALEPH)000616526USA01 035 $a000616526 100 $a20011205d1991----km-y0itay0103----ba 101 $aspa 102 $aIT 105 $a||||||||001yy 200 1 $a<<5.:>> Época colonial III$eperspectiva general de la Colonia$fEnrique Ayala Mora, editor$gcoordinador del volumen Rosemarie Terán Najas 205 $a1. ed. 210 $aQuito$cCorporación Editora Nacional$d1991 215 $a243 p., [12] c. di tav.$cill.$d20 cm 410 $12001 461 1$1001000616522$12001 606 0 $aEcuador$xStoria 676 $a984 702 $aAYALA MORA,$bEnrique 702 $aTERÁN NAJAS,$bRosemarie 801 0$aIT$bsalbc$gISBD 912 $a990006165260203316 951 $aVI.7.C. 5$bISLA 959 $aBK 969 $aUMA 979 $aMARANO$b90$c20160809$lUSA01$h1135 979 $aMARANO$b90$c20160809$lUSA01$h1154 979 $aMARANO$b90$c20160913$lUSA01$h1601 996 $aÉpoca colonial III$91393347 997 $aUNISA LEADER 02902nam 2200565 450 001 9910792579803321 005 20230808200623.0 010 $a3-7329-9738-3 035 $a(CKB)3710000000961098 035 $a(MiAaPQ)EBC4753015 035 $a(Au-PeEL)EBL4753015 035 $a(CaPaEBR)ebr11308489 035 $a(OCoLC)969641382 035 $a5f283a5b-09b8-4697-ba88-7b8ab0dd2d03 035 $a(EXLCZ)993710000000961098 100 $a20161213h20162016 uy 0 101 0 $ager 135 $aurcnu|||||||| 181 $2rdacontent 182 $2rdamedia 183 $2rdacarrier 200 00$aVerra?ter? Vorbilder? Verbrecher? $eKontroverse Deutungen des 20. Juli 1944 seit 1945 /$fHaus der Geschichte Baden-Wu?rttemberg (Hg.) 210 1$a[Berlin, Germany] :$cFrank & Timme GmbH Verlag,$d2016. 210 4$d©2016 215 $a1 online resource (268 pages) $cillustrations 225 1 $aGeschichtswissenschaft,$x1860-1960 ;$vBand 25 300 $aPublicationDate: 20161130 311 $a3-7329-0276-5 320 $aIncludes bibliographical references. 327 $tDer 20. Juli 1944 in der deutschen Erinnerungskultur /$rChristoph Cornelissen --$t"Gewissenlose Fu?hrung" und "ansta?ndige Landser" :$tDie Wehrmacht im Wandel bundesrepublikanischer Erinnerungspolitik /$rHabbo Knoch --$tFriedrich Fromm-- "Unser Verra?ter"? :$tHinterbliebenenversorgung im Kampf um Deutungshoheit /$rBernhard R. Kroener --$tDie unheilbare Wunde :$tDer 20. Juli 1944 im kollektiven Geda?chtnis der Wehrmachtsgeneralita?t (1949-1969) /$rAlaric Searle --$tVon Mythen, Legenden und Manipulationen :$tDavid Irving und seine verzerrende Deutungen von Erwin Rommel, Hans Speidel und Ca?sar von Hofacker /$rChristopher Dowe, Cornelia Hecht --$tJoachim Fest und der 20. Juli 1944 :$tGeschichtsbilder, Vergangenheitskonstruktionen, Narrative /$rMagnus Brechtken --$tNach-Fragen, Aus-Blicke /$rChristopher Dowe. 330 $aSince the collapse of the Hitler regime, many have tried to enforce their respective image of the coup attempt of July 20, 1944 in public. In this work, well-known experts from Germany and abroad show how controversial the interpretations of the coup attempt of July 20 were in the Federal Republic. 410 0$aReihe Geschichtswissenschaft ;$vBand 25. 607 $aGermany$xPolitics and government 676 $a943 686 $a943$2sdnb$qDE-101 702 $aBrechtken$b Magnus 702 $aCornelissen$b Christoph 702 $aDowe$b Christopher 702 $aHecht$b Cornelia$f1968- 702 $aKnoch$b Habbo$f1969- 702 $aKroener$b Bernhard 702 $aSearle$b Alaric$f1962- 712 02$aHaus der Geschichte Baden-Wu?rttemberg, 801 0$bMiAaPQ 801 1$bMiAaPQ 801 2$bMiAaPQ 906 $aBOOK 912 $a9910792579803321 996 $aVerra?ter? Vorbilder? Verbrecher$93697280 997 $aUNINA